| Tag |
First Indicator |
Second Indicator |
Subfields |
| LEADER |
00000cam a22000001a 4500 |
| 001 |
in00002821079 |
| 005 |
20190331185252.0 |
| 006 |
m o d |
| 007 |
cr un mmmapmmp |
| 008 |
081126s1836 dcubd o f000 0 eng d |
| 035 |
|
|
|a cis2004302888
|
| 040 |
|
|
|a UMI
|c UMI
|d UtOrBLW
|
| 043 |
|
|
|a n-us---
|
| 099 |
|
|
|a ProQuest Serial Set Number ASP035 Pub.land.1536
|
| 245 |
0 |
0 |
|a Brief of the evidence in defence of Samuel Gwin from charges affecting his official conduct and character as Register of the Land Office at Chocchuma, Mississippi.
|
| 246 |
1 |
|
|a Brief of evidence in defense of Samuel Gwin from charges affecting official conduct and character as register of land office at Chocchuma, Mississippi
|
| 264 |
|
1 |
|a Washington :
|b [publisher not identified],
|c 1836.
|
| 300 |
|
|
|a 1 online resource.
|
| 336 |
|
|
|a text
|b txt
|2 rdacontent
|
| 337 |
|
|
|a computer
|b c
|2 rdamedia
|
| 338 |
|
|
|a online resource
|b cr
|2 rdacarrier
|
| 490 |
0 |
|
|a Pub.land.1536
|
| 500 |
|
|
|a Record is based on bibliographic data in ProQuest U.S. Serial Set Digital Collection (last viewed Nov. 2008). Reuse except for individual research requires license from ProQuest, LLC.
|
| 510 |
3 |
|
|a ProQuest U.S. Serial Set Digital Collection
|
| 500 |
|
|
|a Electronic resource.
|
| 610 |
1 |
0 |
|a United States.
|b General Land Office.
|
| 650 |
|
0 |
|a Crime.
|
| 651 |
|
0 |
|a Mississippi.
|
| 655 |
|
7 |
|a Electronic books.
|2 local
|
| 710 |
2 |
|
|a ProQuest (Firm)
|
| 830 |
|
0 |
|a United States congressional serial set.
|
| 856 |
4 |
0 |
|u http://proxy.library.tamu.edu/login?url=http://congressional.proquest.com/congcomp/getdoc?SERIAL-SET-ID=ASP035+Pub.land.1536
|z Connect to the full text of this electronic book
|t 0
|
| 999 |
|
|
|a MARS
|
| 999 |
f |
f |
|s 2c8de6e9-ae07-35cd-b70b-566c8261dc69
|i 1e624319-57c5-3335-abc2-3fbf01800b20
|t 0
|
| 952 |
f |
f |
|a Texas A&M University
|b College Station
|c Electronic Resources
|d Available Online
|t 0
|e ProQuest Serial Set Number ASP035 Pub.land.1536
|h Other scheme
|
| 998 |
f |
f |
|a ProQuest Serial Set Number ASP035 Pub.land.1536
|t 0
|l Available Online
|